[Event "Mittelrhein Verbandsliga West 1920"]
[Site "Mittelrhein"]
[Date "2019.11.17"]
[Round "3.4"]
[White "Stock, Achim"]
[Black "Breitkopf Lazar, Patrick Robert"]
[Result "1/2-1/2"]
[WhiteElo "1760"]
[BlackElo "1764"]
[PlyCount "105"]
[EventDate "2019.09.29"]
[EventType "team-tourn"]
[EventRounds "9"]
[EventCountry "GER"]
[SourceTitle "EXT 2023"]
[Source "ChessBase"]
[SourceDate "2022.10.05"]
[SourceVersion "1"]
[SourceVersionDate "2022.10.05"]
[SourceQuality "1"]
[WhiteTeam "Eschweiler SC"]
[BlackTeam "Aachen SV III"]
[WhiteTeamCountry "GER"]
[BlackTeamCountry "GER"]

1. c4 e6 2. g3 d5 3. Bg2 dxc4 4. Qa4+ Nd7 5. Nc3 Ngf6 6. Qxc4 Nb6 7. Qb3 Be7 8. Nf3 0-0 9. 0-0 Nfd5 10. e4 Nb4 11. d4 c5 12. Be3 c4 13. Qd1 Bd7 14. Ne5 Rc8 15. a3 Nc6 16. Nf3 Na5 17. Ne5 Nb3 18. Rb1 Qc7 19. Bf4 Bd6 20. Nxd7 Qxd7 21. e5 Be7 22. d5 exd5 23. Nxd5 Nxd5 24. Qxd5 Qxd5 25. Bxd5 b6 26. Rbd1 Rfd8 27. Be3 Kf8 28. a4 Na5 29. Be4 h6 30. Bd2 Nb3 31. Bc3 Nc5 32. Bc2 Nd3 33. Kg2 Rc5 34. f4 Rcd5 35. Kf3 Bb4 36. Bxd3 Bxc3 37. Bc2 Rxd1 38. Rxd1 Rxd1 39. Bxd1 Bxb2 40. Bc2 Ke7 41. Ke4 f6 42. exf6+ gxf6 43. Kd5 c3 44. g4 Ba3 45. h3 Bd6 46. Kc4 Bxf4 47. Kxc3 Kd6 48. Kc4 a6 49. h4 Bg3 50. h5 Bf2 51. Bf5 Kc6 52. Be4+ Kd6 53. Bb7 1/2-1/2

[Event "Mittelrhein Verbandsliga West 1920"]
[Site "Mittelrhein"]
[Date "2019.10.27"]
[Round "2.2"]
[White "Meissner, Thomas"]
[Black "Stock, Achim"]
[Result "1-0"]
[WhiteElo "1955"]
[BlackElo "1760"]
[PlyCount "77"]
[EventDate "2019.09.29"]
[EventType "team-tourn"]
[EventRounds "9"]
[EventCountry "GER"]
[SourceTitle "EXT 2023"]
[Source "ChessBase"]
[SourceDate "2022.10.05"]
[SourceVersion "1"]
[SourceVersionDate "2022.10.05"]
[SourceQuality "1"]
[WhiteTeam "Brand SF"]
[BlackTeam "Eschweiler SC"]
[WhiteTeamCountry "GER"]
[BlackTeamCountry "GER"]

1. Nf3 Nf6 2. g3 g6 3. Bg2 Bg7 4. 0-0 0-0 5. c4 d6 6. Nc3 Nbd7 7. d3 c6 8. e4 h6 9. h3 e5 10. Be3 a6 11. Qd2 Kh7 12. a4 Ne8 13. Rad1 c5 14. Nh2 Nc7 15. f4 Ne6 16. Nd5 exf4 17. Nxf4 Bd4 18. Rf2 Nxf4 19. gxf4 Bxe3 20. Qxe3 Qe7 21. Re2 Rb8 22. b3 b6 23. d4 Re8 24. d5 f6 25. Rde1 g5 26. fxg5 fxg5 27. Bf3 Ne5 28. Bg4 Bxg4 29. Nxg4 Nxg4 30. hxg4 Rf8 31. e5 Rf4 32. Qd3+ Kg8 33. Qg6+ Qg7 34. Qe6+ Qf7 35. exd6 Qxe6 36. dxe6 Rxg4+ 37. Kh2 Rd4 38. d7 Kg7 39. e7 1-0

[Event "Mittelrhein Verbandsliga-W 17/18"]
[Site "Nordrheinwestfalen"]
[Date "2018.04.15"]
[Round "10.4"]
[White "Stock, Achim"]
[Black "Tonev, Vasil"]
[Result "1-0"]
[WhiteElo "1760"]
[BlackElo "1733"]
[PlyCount "63"]
[EventDate "2017.09.10"]
[EventType "team-tourn"]
[EventRounds "11"]
[EventCountry "GER"]
[SourceTitle "EXT 2022"]
[Source "ChessBase"]
[SourceDate "2021.10.06"]
[SourceVersion "1"]
[SourceVersionDate "2021.10.06"]
[SourceQuality "1"]
[WhiteTeam "Eschweiler SC"]
[BlackTeam "Horrem"]
[WhiteTeamCountry "GER"]
[BlackTeamCountry "GER"]

1. c4 Nf6 2. Nc3 g6 3. e4 d6 4. g3 Bg7 5. Bg2 0-0 6. Nge2 e5 7. 0-0 Nc6 8. h3 Ne8 9. f4 f5 10. d3 Nf6 11. Nd5 fxe4 12. dxe4 Nh5 13. g4 Nxf4 14. Ndxf4 exf4 15. Nxf4 Ne5 16. Qe2 b6 17. Bd2 Ba6 18. Rac1 Qd7 19. b3 Rf7 20. Nd3 Raf8 21. Nxe5 Bxe5 22. Bh6 Bg7 23. Bxg7 Kxg7 24. Qb2+ Kg8 25. e5 Rxf1+ 26. Rxf1 Rxf1+ 27. Kxf1 Qg7 28. Bd5+ Kh8 29. Qa3 Bc8 30. exd6 Qf6+ 31. Kg2 Qxd6 32. Qb2+ 1-0

[Event "Mittelrhein Verbandsliga-W 17/18"]
[Site "Nordrheinwestfalen"]
[Date "2017.12.03"]
[Round "5.5"]
[White "Stock, Achim"]
[Black "Klein, Gernot"]
[Result "1/2-1/2"]
[WhiteElo "1780"]
[BlackElo "1813"]
[PlyCount "81"]
[EventDate "2017.09.10"]
[EventType "team-tourn"]
[EventRounds "11"]
[EventCountry "GER"]
[SourceTitle "EXT 2022"]
[Source "ChessBase"]
[SourceDate "2021.10.06"]
[SourceVersion "1"]
[SourceVersionDate "2021.10.06"]
[SourceQuality "1"]
[WhiteTeam "Eschweiler SC"]
[BlackTeam "Aachen PTSV"]
[WhiteTeamCountry "GER"]
[BlackTeamCountry "GER"]

1. c4 e6 2. Nc3 d5 3. d4 c6 4. e3 Bd6 5. Nf3 f5 6. Ne5 Nf6 7. Be2 0-0 8. Qc2 b6 9. cxd5 exd5 10. a3 Ne4 11. 0-0 Bb7 12. f3 Nxc3 13. Qxc3 Nd7 14. f4 Rc8 15. b4 Nf6 16. Bb2 Qe7 17. Bf3 Ne4 18. Bxe4 fxe4 19. Rfc1 Kh8 20. Qe1 Rf6 21. Qh4 Qe8 22. g4 Rh6 23. Qg3 Bxe5 24. dxe5 c5 25. f5 Qd8 26. g5 Rh5 27. f6 d4 28. Qg4 g6 29. e6 Qd6 30. Rc2 Bd5 31. bxc5 Qxe6 32. Qxe6 Rxg5+ 33. Kf1 Bxe6 34. Bxd4 Rf5+ 35. Ke2 bxc5 36. Rac1 Kg8 37. Rxc5 Rcxc5 38. Rxc5 Rxc5 39. Bxc5 a6 40. Kf2 Kf7 41. Bd4 1/2-1/2

[Event "Mittelrhein Verbandsliga-W 17/18"]
[Site "Nordrheinwestfalen"]
[Date "2017.10.22"]
[Round "3.5"]
[White "Stock, Achim"]
[Black "Robotka, Matthias"]
[Result "1/2-1/2"]
[WhiteElo "1803"]
[BlackElo "1764"]
[PlyCount "105"]
[EventDate "2017.09.10"]
[EventType "team-tourn"]
[EventRounds "11"]
[EventCountry "GER"]
[SourceTitle "EXT 2022"]
[Source "ChessBase"]
[SourceDate "2021.10.06"]
[SourceVersion "1"]
[SourceVersionDate "2021.10.06"]
[SourceQuality "1"]
[WhiteTeam "Eschweiler SC"]
[BlackTeam "Pulheim"]
[WhiteTeamCountry "GER"]
[BlackTeamCountry "GER"]

1. c4 c5 2. Nc3 Nf6 3. g3 g6 4. Bg2 Bg7 5. d3 Nc6 6. e4 d6 7. Nge2 Bd7 8. 0-0 Qc8 9. Bd2 0-0 10. Rb1 Rb8 11. a3 Ng4 12. b4 b6 13. Nd5 e6 14. b5 exd5 15. bxc6 Qxc6 16. exd5 Qb7 17. h3 Ne5 18. Bf4 Qa6 19. Qb3 Ba4 20. Qa2 Rbd8 21. Qd2 b5 22. Rfc1 bxc4 23. Bxe5 Bxe5 24. dxc4 Rb8 25. Qd3 Bd7 26. g4 Rxb1 27. Rxb1 h5 28. Bf3 hxg4 29. Bxg4 f5 30. Bf3 Kg7 31. Qb3 Ba4 32. Qd3 Qa5 33. Rb7+ Rf7 34. Qb1 Qd8 35. Rxf7+ Kxf7 36. Qb7+ Qe7 37. Qa6 Bc2 38. Ng3 Bxg3 39. fxg3 Qe1+ 40. Kg2 Bd3 41. Qb7+ Kg8 42. Qb8+ Kh7 43. Qb7+ Kh6 44. Qb2 Bf1+ 45. Kh2 Kh7 46. Qb7+ Kg8 47. Qb8+ Kf7 48. Qb7+ Kf6 49. Qb2+ Qe5 50. Qb8 Qe7 51. Qh8+ Qg7 52. Qb8 Qe7 53. Qh8+ 1/2-1/2

[Event "Mittelrhein Verbandsliga-W 16/17"]
[Site "Nordrheinwestfalen"]
[Date "2017.02.19"]
[Round "8.4"]
[White "Stock, Achim"]
[Black "Schauff, Lutz"]
[Result "1-0"]
[WhiteElo "1721"]
[BlackElo "1980"]
[PlyCount "71"]
[EventDate "2016.09.11"]
[EventType "team-tourn"]
[EventRounds "11"]
[EventCountry "GER"]
[SourceTitle "EXT 2022"]
[Source "ChessBase"]
[SourceDate "2021.10.06"]
[SourceVersion "1"]
[SourceVersionDate "2021.10.06"]
[SourceQuality "1"]
[WhiteTeam "Eschweiler SC"]
[BlackTeam "Kerpen SK"]
[WhiteTeamCountry "GER"]
[BlackTeamCountry "GER"]

1. c4 Nf6 2. Nc3 g6 3. g3 Bg7 4. Bg2 d6 5. d3 0-0 6. e4 e5 7. Nge2 Be6 8. 0-0 Qd7 9. f4 Bh3 10. f5 Bxg2 11. Kxg2 h6 12. h3 Nc6 13. Be3 Ne7 14. g4 g5 15. Ng3 c6 16. Qf3 d5 17. Bc5 d4 18. Nd1 Kh7 19. Rh1 Rg8 20. Nf2 Bf8 21. Ba3 Rg7 22. b3 Neg8 23. Bc1 Be7 24. Bd2 a5 25. Raf1 b5 26. Rh2 bxc4 27. bxc4 a4 28. Rfh1 Rb8 29. h4 gxh4 30. Rxh4 Ne8 31. Bxh6 Bxh4 32. Bxg7 Kxg7 33. Rxh4 Qe7 34. g5 Kf8 35. f6 Qa3 36. Rh8 1-0

[Event "Mittelrhein Verbandsliga-W 16/17"]
[Site "Nordrheinwestfalen"]
[Date "2016.10.23"]
[Round "3.5"]
[White "Stock, Achim"]
[Black "Leuchter, Johannes"]
[Result "1-0"]
[WhiteElo "1744"]
[BlackElo "1723"]
[PlyCount "107"]
[EventDate "2016.09.11"]
[EventType "team-tourn"]
[EventRounds "11"]
[EventCountry "GER"]
[SourceTitle "EXT 2022"]
[Source "ChessBase"]
[SourceDate "2021.10.06"]
[SourceVersion "1"]
[SourceVersionDate "2021.10.06"]
[SourceQuality "1"]
[WhiteTeam "Eschweiler SC"]
[BlackTeam "Eilendorf Arminia"]
[WhiteTeamCountry "GER"]
[BlackTeamCountry "GER"]

1. d4 d5 2. c4 c6 3. e3 Nf6 4. Nc3 Bf5 5. Nf3 e6 6. Nh4 Bg6 7. Nxg6 hxg6 8. Qc2 Bd6 9. cxd5 exd5 10. g3 Ng4 11. h3 Qe7 12. Bg2 Nf6 13. Bd2 Nbd7 14. 0-0 0-0-0 15. Rfe1 Nb6 16. e4 dxe4 17. Nxe4 Nxe4 18. Bxe4 Qd7 19. h4 Bc7 20. Rac1 Kb8 21. Bc3 Nd5 22. Rcd1 Qg4 23. Qe2 Qxe2 24. Rxe2 Nxc3 25. bxc3 f5 26. Bf3 f4 27. Kg2 fxg3 28. fxg3 Rdf8 29. Re7 Rf6 30. Rde1 Rhf8 31. Be4 Rf2+ 32. Kh3 Ba5 33. Re3 Rxa2 34. Bxg6 Ra3 35. Rxg7 Rxc3 36. Ree7 b5 37. Rxa7 Rff3 38. Rxa5 Rxg3+ 39. Kh2 Rh3+ 40. Kg2 Rhg3+ 41. Kf2 Rcf3+ 42. Ke2 Re3+ 43. Kd2 Ref3 44. Rg8+ Kb7 45. Bh7 Rh3 46. Rxb5+ cxb5 47. Be4+ Kb6 48. Bxf3 Rxf3 49. Rg6+ Ka5 50. d5 b4 51. d6 Rf7 52. Rg5+ Ka4 53. Rd5 Rd7 54. Kc2 1-0